Framework na vyhodnocovanie decentralizácie blockchain platforiem

Gespeichert in:
Bibliographische Detailangaben
1. Verfasser: Michalčák, Lukáš (Verfasst von)
Weitere Verfasser: Mastiľak, Lukáš (Betreuung Doktorarbeit)
Format: Manuskript Buch
Sprache:Slowakisch
Veröffentlicht: 2025
Schlagworte:
Online-Zugang:http://is.stuba.sk/zp/portal_zp.pl?podrobnosti=175327
Tags: Tag hinzufügen
Keine Tags, Fügen Sie das erste Tag hinzu!

MARC

LEADER 00000ntm a22000003a 4500
001 stuzp102923
003 SK-STU
005 20250614211821.3
007 ta
008 150427s2015----xo-----f-mn---000-0-slo-d
040 |a STU  |b slo 
041 0 |a slo 
100 1 |a Michalčák, Lukáš  |u 070400  |4 aut  |U FIIT Fakulta informatiky a informačných technológií  |T FIIT Ústav počítačového inžinierstva a aplikovanej informatiky  |X 120849  |U I400  |Y 672  |7 120849 
242 0 1 |a Measuring nodes decentralization in blockchain networks  |y eng 
245 1 0 |a Framework na vyhodnocovanie decentralizácie blockchain platforiem 
260 |c 2025 
650 4 |a framework  |2 eng 
650 4 |a metrics  |2 eng 
650 4 |a blockchain  |2 eng 
650 4 |a metriky  |2 slo 
650 4 |a rámec  |2 slo 
650 4 |a blockchain  |2 slo 
700 1 |a Mastiľak, Lukáš  |u 070400  |k Z1  |4 ths  |U FIIT Fakulta informatiky a informačných technológií  |T FIIT Ústav počítačového inžinierstva a aplikovanej informatiky  |X 72229  |U I400  |Y 672  |7 72229 
856 4 |u http://is.stuba.sk/zp/portal_zp.pl?podrobnosti=175327